| 000 | 00776nam a2200241 4500 | ||
|---|---|---|---|
| 005 | 20090519154738.0 | ||
| 008 | 701105s1969 ii b 000 0 eng | ||
| 010 | _aENG-93591 | ||
| 020 |
_a8189884050 _c295.00 |
||
| 020 |
_a9788189884055 _c295.00 |
||
| 035 | _aEN-77124 | ||
| 037 | _bDBAD / PUB | ||
| 040 |
_adpl _bEnglish |
||
| 082 | _aN | ||
| 100 | _aHasan, Anjum | ||
| 245 |
_aLunatic in my head / _cby Anjum Hasan |
||
| 260 |
_aNew Delhi _bZuban _c2007 |
||
| 270 |
_aK-92, Hauz Khas Enclave _bNew Delhi _e110016 |
||
| 300 |
_a291p. _c23cm(pbk) |
||
| 650 | _aEnglish fiction | ||
| 942 |
_2ddc _cEN _mHAS _hN |
||
| 999 |
_c26588 _d26588 |
||